Hiệu quả của vi khuẩn cố định đạm và vi khuẩn hòa tan lân lên giống lúa OM2517 trên vùng đất nhiễm phèn - mặn tại thị xã Giá Rai tỉnh Bạc Liêu : Luận văn tốt nghiệp Cao học. Chuyên ngành Sinh thái học

Xác định hiệu quả của hai dòng vi khuẩn cố định đạm Klebsiella pneumoniae HKN1 và vi khuẩn hòa tan lân Pantoea agglomerans HP2 trong điều kiện đất nhiễm phèn - mặn trên cây lúa trồng tại Bạc Liêu.

Gardado en:
Detalles Bibliográficos
Autor Principal: Tăng, Thị Thùy Lan
Formato: Libro
Idioma:Undetermined
Publicado: Cần Thơ Trường Đại học Cần Thơ 2017
Những chủ đề:
Các nhãn: Engadir etiqueta
Sen Etiquetas, Sexa o primeiro en etiquetar este rexistro!
Thư viện lưu trữ: Trung tâm Học liệu Trường Đại học Cần Thơ
LEADER 01206nam a2200205Ia 4500
001 CTU_224827
008 210402s9999 xx 000 0 und d
082 |a 579.3 
082 |b L105 
100 |a Tăng, Thị Thùy Lan 
245 0 |a Hiệu quả của vi khuẩn cố định đạm và vi khuẩn hòa tan lân lên giống lúa OM2517 trên vùng đất nhiễm phèn - mặn tại thị xã Giá Rai tỉnh Bạc Liêu : 
245 0 |b Luận văn tốt nghiệp Cao học. Chuyên ngành Sinh thái học 
245 0 |c Tăng Thị Thùy Lan ; Trần Thị Ngọc Sơn (Người hướng dẫn) 
260 |a Cần Thơ 
260 |b Trường Đại học Cần Thơ 
260 |c 2017 
520 |a Xác định hiệu quả của hai dòng vi khuẩn cố định đạm Klebsiella pneumoniae HKN1 và vi khuẩn hòa tan lân Pantoea agglomerans HP2 trong điều kiện đất nhiễm phèn - mặn trên cây lúa trồng tại Bạc Liêu. 
650 |a Vi sinh vật học nông nghiệp,Agricultural microbiology 
910 |b nthai 
980 |a Trung tâm Học liệu Trường Đại học Cần Thơ